[Event "XIV Torneo Leonardo di Bona B"]
[Site "Cutro ITA"]
[Date "2008.04.30"]
[Round "6"]
[White "Scerra, Ezio"]
[Black "D'Elia, Mario Domenico"]
[Result "1-0"]
[WhiteElo "1311"]
[BlackElo "1446"]
[PlyCount "147"]
[EventDate "2008.04.25"]

1. c4 e5 2. Nc3 Nf6 3. e3 Bb4 4. Be2 Nc6 5. a3 Bc5 6. d3 a6 7. Nf3 d6 8. d4
exd4 9. exd4 Ba7 10. Be3 h6 11. c5 Be6 12. d5 Bxc5 13. dxe6 fxe6 14. Bxc5 dxc5
15. O-O Qe7 16. Re1 b5 17. Qb3 c4 18. Bxc4 bxc4 19. Qxc4 Nd8 20. Nd4 O-O 21.
Nxe6 Nxe6 22. Rxe6 Qf7 23. Rc6 Qxc4 24. Rxc4 Ra7 25. Re1 Rf7 26. b4 Rd7 27. b5
Rd3 28. bxa6 Rxa6 29. Rxc7 Rxa3 30. Rc8+ Kh7 31. Rc1 Ra6 32. h3 Rad6 33. Ne2
Ng8 34. Nf4 Rd2 35. R1c2 Rd1+ 36. Kh2 Nf6 37. f3 Ra1 38. Rc1 Rda6 39. h4 h5 40.
R8c5 g6 41. Re5 Ng8 42. Rc7+ Kh8 43. Rc8 R1a4 44. Kg3 Kh7 45. Rc7+ Kh8 46. Re8
Rf6 47. Nd5 Rf5 48. Ne7 Rf7 49. Rxg8+ Kh7 50. Rxg6 Rxe7 51. Rcc6 Re5 52. Rh6+
Kg7 53. Rcg6+ Kf7 54. Rg5 Rxg5+ 55. hxg5 Kg7 56. Rxh5 Kg6 57. Rh4 Ra3 58. Kg4
Ra4+ 59. f4 Rb4 60. Rh6+ Kg7 61. Rf6 Rb2 62. g3 Rb5 63. Rf5 Rb6 64. Kh5 Rb3 65.
Kg4 Rb6 66. Rf6 Rb5 67. Rc6 Ra5 68. Kh5 Ra3 69. Rc7+ Kh8 70. Kh6 Ra8 71. g6 Kg8
72. f5 Kh8 73. f6 Rg8 74. Rh7# 1-0

[Event "XIV Torneo Leonardo di Bona B"]
[Site "Cutro ITA"]
[Date "2008.04.30"]
[Round "6"]
[White "Valotta, Massimiliano"]
[Black "Catapano, Francesco"]
[Result "0-1"]
[WhiteElo "1896"]
[BlackElo "1757"]
[PlyCount "97"]
[EventDate "2008.04.25"]

1. d4 Nf6 2. c4 g6 3. Nc3 Bg7 4. e4 d6 5. f4 O-O 6. Nf3 c5 7. d5 e6 8. Bd3 exd5
9. cxd5 a6 10. O-O b5 11. a3 c4 12. Bc2 Ng4 13. Qd2 Re8 14. h3 Qb6+ 15. Kh1 Nf6
16. Qf2 Qxf2 17. Rxf2 Nbd7 18. g4 Nc5 19. e5 dxe5 20. fxe5 Nfd7 21. Bf4 Bb7 22.
Re1 Nb6 23. Be3 Nbd7 24. Bd4 Rac8 25. Kh2 Nb6 26. Ng5 Rf8 27. Bxc5 Rxc5 28. e6
fxe6 29. Rxf8+ Bxf8 30. Nxe6 Bd6+ 31. Kg1 Rc8 32. Be4 Nd7 33. Rf1 Nc5 34. Ng5
Rf8 35. Rxf8+ Bxf8 36. Bg2 Nd3 37. Ne6 Bd6 38. Ne4 Bxd5 39. Nxd6 Bxe6 40. Bb7
Nxb2 41. Ne4 a5 42. Kf2 b4 43. axb4 axb4 44. Ke3 b3 45. Nc3 Nd3 46. Kd4 Nf2 47.
Bg2 b2 48. Ke5 Nd1 49. Be4 0-1

[Event "XIV Torneo Leonardo di Bona B"]
[Site "Cutro ITA"]
[Date "2008.05.01"]
[Round "7"]
[White "Camposano, Antonio"]
[Black "Olivo, Paolo"]
[Result "1-0"]
[WhiteElo "1302"]
[BlackElo "1616"]
[PlyCount "57"]
[EventDate "2008.04.25"]

1. d4 Nf6 2. c4 e6 3. a3 c5 4. e3 d5 5. b3 Nc6 6. Bb2 cxd4 7. exd4 Qb6 8. Nf3
g6 9. Nbd2 Bg7 10. Be2 O-O 11. O-O Nh5 12. c5 Qc7 13. b4 Nf4 14. Nb3 Nxe2+ 15.
Qxe2 a6 16. Bc3 Ne7 17. Nh4 Bd7 18. a4 b5 19. a5 Rae8 20. h3 g5 21. Nf3 Nf5 22.
Nxg5 f6 23. Nf3 e5 24. dxe5 fxe5 25. Qd2 d4 26. Bb2 Bc6 27. Qd1 Bxf3 28. gxf3
Rf6 29. Re1 1-0

[Event "XIV Torneo Leonardo di Bona B"]
[Site "Cutro ITA"]
[Date "2008.05.01"]
[Round "7"]
[White "D'Elia, Mario Domenico"]
[Black "Olivo, Ilaria"]
[Result "1-0"]
[WhiteElo "1446"]
[BlackElo "1500"]
[PlyCount "65"]
[EventDate "2008.04.25"]

1. f4 f5 2. Nf3 Nc6 3. e3 e6 4. b3 Nf6 5. Bb2 Be7 6. Be2 O-O 7. O-O b6 8. a3
Bb7 9. d3 d5 10. Nbd2 Bc5 11. d4 Bd6 12. Bd3 Ne4 13. Qe1 Be7 14. Kh1 Rf6 15.
Be2 Rh6 16. Nxe4 fxe4 17. Ng1 Qe8 18. Nh3 Qg6 19. Qd1 Rf8 20. Bg4 Rh4 21. Be2
Qh6 22. Rf2 g5 23. fxg5 Bxg5 24. Rxf8+ Kxf8 25. Qf1+ Kg8 26. c4 Bxe3 27. cxd5
exd5 28. Qf5 Nxd4 29. Bxd4 Bxd4 30. Rf1 Qg7 31. Qe6+ Kh8 32. Qe8+ Qg8 33. Rf8
1-0

[Event "XIV Torneo Leonardo di Bona B"]
[Site "Cutro ITA"]
[Date "2008.05.01"]
[Round "7"]
[White "Familari, Giuseppe"]
[Black "Catapano, Francesco"]
[Result "1-0"]
[WhiteElo "1801"]
[BlackElo "1757"]
[PlyCount "69"]
[EventDate "2008.04.25"]

1. Nf3 Nf6 2. c4 g6 3. g3 Bg7 4. Bg2 O-O 5. Nc3 d6 6. O-O c5 7. d4 a6 8. h3 Re8
9. Be3 Nbd7 10. Qd2 Qc7 11. Rac1 Rb8 12. b3 b6 13. Rfd1 Bb7 14. dxc5 dxc5 15.
Nd5 Bxd5 16. cxd5 Ne4 17. Qd3 Nd6 18. Bf4 b5 19. e4 f6 20. Nd4 Ne5 21. Bxe5
fxe5 22. Ne6 Qa7 23. Rxc5 Bh6 24. Qc2 b4 25. Bf1 Rec8 26. Rc6 Rxc6 27. dxc6 Rc8
28. Bc4 Kh8 29. Bd5 Qb6 30. Qc5 Qxc5 31. Nxc5 a5 32. Nb7 Nxb7 33. cxb7 Rd8 34.
f4 exf4 35. Rc1 1-0

[Event "XIV Torneo Leonardo di Bona B"]
[Site "Cutro ITA"]
[Date "2008.05.01"]
[Round "7"]
[White "Grano, Giuseppe"]
[Black "Garofalo, Massimo"]
[Result "0-1"]
[WhiteElo "1733"]
[BlackElo "1745"]
[PlyCount "74"]
[EventDate "2008.04.25"]

1. d4 d5 2. Nf3 Nf6 3. e3 Bg4 4. Bd3 Nbd7 5. Nbd2 e6 6. c3 Bh5 7. O-O Bd6 8. h3
Bg6 9. Bxg6 hxg6 10. Nh2 Qe7 11. Re1 O-O-O 12. e4 dxe4 13. Nxe4 Nxe4 14. Rxe4
f5 15. Re2 g5 16. Nf3 g4 17. Bg5 Nf6 18. Nh4 Qf7 19. hxg4 fxg4 20. g3 Rde8 21.
Qd3 Nh7 22. Ng6 Nxg5 23. Nxh8 Rxh8 24. Ree1 Nf3+ 25. Kf1 Bxg3 26. Qe3 Rh1+ 27.
Ke2 Bf4 28. Qe4 Rxe1+ 29. Rxe1 Nxe1 30. Kxe1 Qf5 31. f3 Qxe4+ 32. fxe4 Bc1 33.
d5 Bxb2 34. c4 Kd7 35. Kf2 exd5 36. cxd5 Kd6 37. Kg3 Ke5 0-1

[Event "XIV Torneo Leonardo di Bona B"]
[Site "Cutro ITA"]
[Date "2008.05.01"]
[Round "7"]
[White "Ielapi, Gianbattista"]
[Black "Scerra, Ezio"]
[Result "1-0"]
[WhiteElo "1602"]
[BlackElo "1311"]
[PlyCount "101"]
[EventDate "2008.04.25"]

1. d4 d5 2. Nf3 Nf6 3. e3 e6 4. Bd3 Be7 5. Nbd2 Nc6 6. c3 Bd7 7. O-O Bd6 8. Qe2
e5 9. e4 Qe7 10. exd5 Nxd5 11. Re1 Nf4 12. Qf1 Nxd3 13. Qxd3 O-O 14. Ne4 Bf5
15. Qb5 Bxe4 16. Rxe4 f5 17. Re3 e4 18. Qxb7 Qd7 19. Qb3+ Kh8 20. Ng5 Na5 21.
Qd1 Bf4 22. Rh3 Bxg5 23. Bxg5 g6 24. d5 Nb7 25. c4 Nd6 26. c5 Nf7 27. Bf4 Kg8
28. Qd4 Rad8 29. Rd1 c6 30. d6 Qe6 31. Qa4 g5 32. Bc1 g4 33. Rb3 Nxd6 34. Bg5
Rd7 35. Qxc6 h6 36. Bf4 Rc8 37. Qd5 Qxd5 38. Rxd5 Rdc7 39. Bxd6 Rd7 40. Rc3 Rc6
41. Rxf5 Kg7 42. Rf4 h5 43. Rxe4 Rxc5 44. Rxc5 Rxd6 45. Kf1 Kf6 46. Ke2 Ra6 47.
Rd4 Rxa2 48. Rd6+ Ke7 49. Rh6 Rxb2+ 50. Kd1 Kd7 51. Rg5 1-0

[Event "XIV Torneo Leonardo di Bona B"]
[Site "Cutro ITA"]
[Date "2008.05.01"]
[Round "7"]
[White "Ielapi, Vito"]
[Black "Luvera', Filippo"]
[Result "0-1"]
[WhiteElo "1929"]
[BlackElo "1838"]
[PlyCount "188"]
[EventDate "2008.04.25"]

1. d4 Nf6 2. Nf3 e6 3. e3 b6 4. Bd3 Bb7 5. Nbd2 d5 6. O-O Bd6 7. Qe2 O-O 8. e4
dxe4 9. Nxe4 Nxe4 10. Bxe4 Bxe4 11. Qxe4 Nd7 12. Bg5 Nf6 13. Qh4 Be7 14. c4 h6
15. Rae1 hxg5 16. Nxg5 Nh5 17. Re5 Bxg5 18. Rxg5 Nf6 19. Rd1 Nh7 20. f4 Nxg5
21. fxg5 Re8 22. Rd3 Kf8 23. d5 Qd6 24. Qh8+ Ke7 25. Qxg7 Rg8 26. Qf6+ Kf8 27.
Rf3 Qe7 28. Qh6+ Ke8 29. h4 Kd7 30. Qh5 Raf8 31. Qg4 Kc8 32. Qe4 Kb8 33. Re3
Qc5 34. dxe6 fxe6 35. Kh2 Qd6+ 36. g3 Rf2+ 37. Kh3 e5 38. Qxe5 Qxe5 39. Rxe5
Kc8 40. h5 Kd7 41. h6 Kd6 42. h7 Rh8 43. Rd5+ Ke6 44. Kg4 Rxh7 45. Rd4 Re2 46.
g6 Rg7 47. Kg5 Re7 48. Rf4 Kd7 49. Rh4 Rg2 50. g4 Ke6 51. Rh3 Re2 52. Kh6 Rg2
53. g5 Kf5 54. Rf3+ Kg4 55. Rf7 Rh2+ 56. Kg7 Re6 57. Rf6 Re5 58. Kf7 Rxg5 59.
g7 Rxg7+ 60. Kxg7 Rxb2 61. Rc6 Rxa2 62. Kf6 Kf4 63. Ke6 Ke4 64. Rxc7 Kd4 65.
Kf5 a5 66. Rb7 Kxc4 67. Rxb6 a4 68. Ra6 a3 69. Ra8 Ra1 70. Rc8+ Kb5 71. Rb8+
Kc6 72. Rc8+ Kd7 73. Rc2 a2 74. Rd2+ Kc6 75. Rf2 Kd5 76. Kf4 Kd4 77. Kf3 Kd3
78. Kf4 Kc3 79. Rf3+ Kd2 80. Rf2+ Kc3 81. Rf3+ Kc4 82. Rf2 Kd3 83. Rf3+ Kd4 84.
Rf2 Kd5 85. Rd2+ Ke6 86. Re2+ Kf6 87. Rf2 Kf7 88. Kf5 Ke7 89. Re2+ Kd6 90. Rf2
Kc5 91. Kf4 Kc4 92. Kf3 Kb3 93. Kg2 Rc1 94. Rf3+ Kc2 0-1

[Event "XIV Torneo Leonardo di Bona B"]
[Site "Cutro ITA"]
[Date "2008.05.01"]
[Round "7"]
[White "Macri', Giuseppe"]
[Black "Virelli, Salvatore"]
[Result "1/2-1/2"]
[WhiteElo "1431"]
[BlackElo "1509"]
[PlyCount "73"]
[EventDate "2008.04.25"]

1. d4 d5 2. c4 e6 3. Nc3 Bb4 4. Bd2 Bxc3 5. Bxc3 c6 6. Nf3 Nd7 7. c5 b5 8. b4
Ngf6 9. e3 Ne4 10. Bb2 O-O 11. Nd2 Ndf6 12. Bd3 a5 13. a3 a4 14. O-O Nxd2 15.
Qxd2 Qc7 16. f3 g6 17. e4 dxe4 18. fxe4 Ng4 19. g3 e5 20. Be2 Qd7 21. Bxg4 Qxg4
22. Qe3 Be6 23. dxe5 Rad8 24. Qf3 Rd2 25. Qxg4 Bxg4 26. Bc1 Re2 27. Rf6 Re1+
28. Kf2 Rxe4 29. Bf4 Rd8 30. Rd6 Rxd6 31. exd6 Re2+ 32. Kg1 Kf8 33. Rd1 Ke8 34.
Rd2 Rxd2 35. Bxd2 Bd7 36. Kf2 h5 37. Bg5 1/2-1/2

[Event "XIV Torneo Leonardo di Bona B"]
[Site "Cutro ITA"]
[Date "2008.05.01"]
[Round "7"]
[White "Manfredi, Candido"]
[Black "Bruno, Elio"]
[Result "1-0"]
[WhiteElo "1644"]
[BlackElo "1646"]
[PlyCount "109"]
[EventDate "2008.04.25"]

1. e4 c5 2. Nf3 d6 3. d4 cxd4 4. Nxd4 Nf6 5. Nc3 a6 6. h3 e6 7. Bg5 Be7 8. Bd3
Bd7 9. O-O h6 10. Bxf6 Bxf6 11. Nde2 O-O 12. Rb1 Bc6 13. Ng3 Bxc3 14. bxc3 Qa5
15. f4 Qxc3 16. f5 Nd7 17. Kh1 Nf6 18. Qf3 Qe5 19. Rbe1 Rac8 20. Nh5 Nxh5 21.
Qxh5 Qg3 22. f6 Qg5 23. Qe2 g6 24. Rf2 Bb5 25. Ref1 Rc3 26. Rf4 Bxd3 27. cxd3
Rfc8 28. Rg4 Qh5 29. Qe3 Rc2 30. Qf4 e5 31. Qe3 Kh7 32. Qb6 g5 33. Qxd6 Rxa2
34. Qxe5 Rcc2 35. Qf5+ Qg6 36. Qf3 b5 37. e5 Re2 38. d4 b4 39. Rc1 Rf2 40. Qa8
Rfc2 41. Re1 h5 42. Rg3 h4 43. Rg4 b3 44. Qd5 b2 45. Qxa2 Rc1 46. Qxb2 Rxe1+
47. Kh2 Qd3 48. Qb7 Qc4 49. Rxg5 Rh1+ 50. Kxh1 Qf1+ 51. Kh2 Qf4+ 52. Kg1 Qc1+
53. Kf2 Qd2+ 54. Kg1 Qe1+ 55. Kh2 1-0

[Event "XIV Torneo Leonardo di Bona B"]
[Site "Cutro ITA"]
[Date "2008.05.01"]
[Round "7"]
[White "Paragliola, Gennaro"]
[Black "Todic, Simo"]
[Result "0-1"]
[WhiteElo "1615"]
[BlackElo "1748"]
[PlyCount "102"]
[EventDate "2008.04.25"]

1. d4 d5 2. c4 e6 3. Nc3 Nf6 4. Bg5 Bb4 5. e3 O-O 6. Qc2 c5 7. Nf3 h6 8. h4
Nbd7 9. Be2 Qa5 10. Bxf6 Nxf6 11. O-O Bxc3 12. bxc3 Ne4 13. Rfc1 Qd8 14. Bd3
Nd6 15. dxc5 Nxc4 16. Rd1 Qe7 17. Bxc4 dxc4 18. c6 bxc6 19. Rd4 c5 20. Rxc4 Bb7
21. Ne5 Rfd8 22. Rd1 Rxd1+ 23. Qxd1 Rd8 24. Qh5 Rd5 25. Rf4 f6 26. Ng6 Rxh5 27.
Nxe7+ Kf7 28. Rg4 g5 29. hxg5 Rxg5 30. Rh4 Rxg2+ 31. Kf1 Kxe7 32. Rxh6 Rg7 33.
Rh8 e5 34. Rb8 Bf3 35. Rc8 Ke6 36. Rxc5 Rh7 37. Ke1 Rh1+ 38. Kd2 Rf1 39. Ra5
Rxf2+ 40. Kd3 Be2+ 41. Kd2 Bc4+ 42. Kc1 Rxa2 43. Rc5 Bd3 44. c4 Rc2+ 45. Kd1
Rxc4 46. Ra5 Kf5 47. Rxa7 Ke4 48. Rf7 f5 49. Re7 Ra4 50. Kd2 Ra2+ 51. Kc1 Re2
0-1

[Event "XIV Torneo Leonardo di Bona B"]
[Site "Cutro ITA"]
[Date "2008.05.01"]
[Round "7"]
[White "Policastrese, Salvatore"]
[Black "Mercurio, Rosario"]
[Result "0-1"]
[WhiteElo "1446"]
[BlackElo "1360"]
[PlyCount "54"]
[EventDate "2008.04.25"]

1. d4 Nf6 2. c4 c5 3. d5 e6 4. dxe6 fxe6 5. Nc3 Na6 6. Nf3 d5 7. cxd5 exd5 8.
Bg5 Be7 9. e3 Nc7 10. Qd2 b5 11. Bxf6 Bxf6 12. Nxb5 Bb7 13. Nxc7+ Qxc7 14. Rc1
O-O-O 15. Bd3 g5 16. b4 c4 17. Bf5+ Kb8 18. O-O h5 19. Nd4 Bxd4 20. Qxd4 g4 21.
g3 Bc8 22. Bxc8 Qxc8 23. a4 h4 24. b5 h3 25. a5 Qf5 26. a6 Qf3 27. Qe5+ Ka8 0-1

[Event "XIV Torneo Leonardo di Bona B"]
[Site "Cutro ITA"]
[Date "2008.05.01"]
[Round "7"]
[White "Scalise, Sandro"]
[Black "Olivo, Gaetano"]
[Result "1/2-1/2"]
[WhiteElo "1604"]
[BlackElo "1562"]
[PlyCount "21"]
[EventDate "2008.04.25"]

1. d4 Nf6 2. c4 e6 3. Nc3 Bb4 4. e3 O-O 5. Bd3 b6 6. Nge2 Bb7 7. O-O d6 8. a3
Bxc3 9. Nxc3 a6 10. Qc2 Nbd7 11. Re1 1/2-1/2

[Event "XIV Torneo Leonardo di Bona B"]
[Site "Cutro ITA"]
[Date "2008.05.01"]
[Round "7"]
[White "Soluri, Francesco"]
[Black "Macri', Pasquale"]
[Result "1-0"]
[WhiteElo "1452"]
[BlackElo "1431"]
[PlyCount "57"]
[EventDate "2008.04.25"]

1. d4 Nf6 2. c3 d5 3. Nf3 e6 4. Bg5 h6 5. Bxf6 Qxf6 6. Nbd2 c5 7. e4 c4 8. Qc2
b5 9. a3 Bb7 10. e5 Qd8 11. g3 Be7 12. Bg2 O-O 13. O-O f5 14. b3 cxb3 15. Qxb3
Ba6 16. Rfe1 Bg5 17. Nxg5 Qxg5 18. Nf3 Qg4 19. h3 Qg6 20. Nh4 Qg5 21. Nf3 Qh5
22. a4 bxa4 23. Rxa4 Bd3 24. Qb7 Be4 25. Nh2 Nc6 26. Qxc6 Rfe8 27. Qb7 Rac8 28.
Rxa7 Rxc3 29. Qxg7# 1-0

[Event "V Memorial Alvise Zichichi"]
[Site "Ladispoli ITA"]
[Date "2008.05.01"]
[Round "1"]
[White "Attanasi, Salvatore"]
[Black "Aleksic, Nenad"]
[Result "0-1"]
[WhiteElo "1802"]
[BlackElo "2370"]
[PlyCount "100"]
[EventDate "2008.05.01"]

1. e4 c5 2. d4 cxd4 3. c3 dxc3 4. Nxc3 Nc6 5. Nf3 e6 6. Bc4 Nf6 7. O-O Qc7 8.
Qe2 Ng4 9. g3 d6 10. Rd1 a6 11. h3 Nge5 12. Bb3 Be7 13. Be3 Nxf3+ 14. Qxf3 Ne5
15. Qe2 b5 16. Rac1 Qb8 17. f4 Nd7 18. Kh2 O-O 19. g4 Nc5 20. Bc2 b4 21. Na4 a5
22. Nxc5 dxc5 23. e5 Bb7 24. Rd7 Re8 25. Ba4 Bc8 26. Rd2 Ba6 27. Qf2 Bb5 28.
Bxb5 Qxb5 29. Bxc5 Rac8 30. Rdc2 Rcd8 31. Bxe7 Rxe7 32. Rc8 Ree8 33. R8c5 Qa6
34. R1c2 h6 35. Rc6 Qd3 36. b3 Rd4 37. R6c4 Red8 38. Rc5 Qd1 39. Re2 Rd2 40.
Rc8 Rxe2 41. Rxd8+ Kh7 42. Rxd1 Rxf2+ 43. Kg3 Rxa2 44. Rd3 Ra3 45. f5 a4 46.
Rd7 axb3 47. Rd1 b2+ 48. Kg2 Ra1 49. Rd2 b1=Q 50. fxe6 Qe4+ 0-1

[Event "V Memorial Alvise Zichichi"]
[Site "Ladispoli ITA"]
[Date "2008.05.01"]
[Round "1"]
[White "Caprio, Guido"]
[Black "Colantonio, Marco"]
[Result "1-0"]
[WhiteElo "2140"]
[BlackElo "1731"]
[PlyCount "41"]
[EventDate "2008.05.01"]

1. e4 d6 2. d4 Nf6 3. Nc3 g6 4. f4 Bg7 5. Nf3 O-O 6. Bd3 Nbd7 7. e5 dxe5 8.
fxe5 Ne8 9. h4 h5 10. g4 hxg4 11. Ng5 Nxe5 12. dxe5 Bxe5 13. h5 Bg3+ 14. Ke2
Qd4 15. Be3 Qe5 16. Nge4 f5 17. Bc4+ e6 18. Bd4 Qf4 19. h6 Nf6 20. h7+ Kg7 21.
Bxf6+ 1-0

[Event "V Memorial Alvise Zichichi"]
[Site "Ladispoli ITA"]
[Date "2008.05.01"]
[Round "1"]
[White "Carnicelli, Valerio"]
[Black "Galdelli, Fabiano"]
[Result "1/2-1/2"]
[WhiteElo "1521"]
[BlackElo "1978"]
[PlyCount "50"]
[EventDate "2008.05.01"]

1. e4 c5 2. Nf3 d6 3. d4 cxd4 4. Nxd4 Nf6 5. Nc3 Nc6 6. Nb3 Bd7 7. Be3 e6 8.
Bc4 a6 9. Qd2 Be7 10. h3 b5 11. Bd3 Ne5 12. O-O d5 13. exd5 exd5 14. Bc5 Bxc5
15. Nxc5 O-O 16. Rfe1 Re8 17. Rad1 Bxh3 18. Rxe5 Rxe5 19. gxh3 Qc8 20. Qf4 Rh5
21. Nb3 Qxh3 22. f3 Qh1+ 23. Kf2 Rh2+ 24. Ke3 Re8+ 25. Kd4 Qg2 1/2-1/2

[Event "V Memorial Alvise Zichichi"]
[Site "Ladispoli ITA"]
[Date "2008.05.01"]
[Round "1"]
[White "Dicorato, Michele"]
[Black "Maddaloni, Giovanni"]
[Result "0-1"]
[WhiteElo "1398"]
[BlackElo "1809"]
[PlyCount "77"]
[EventDate "2008.05.01"]

1. d4 Nf6 2. c4 g6 3. Nc3 d5 4. e3 Bg7 5. Nf3 O-O 6. Bd3 b6 7. O-O Bb7 8. Re1
Nbd7 9. e4 dxe4 10. Bxe4 Nxe4 11. Nxe4 c5 12. d5 Nf6 13. Nxf6+ exf6 14. Rb1 Qd6
15. Qd3 Rfe8 16. Bd2 Red8 17. Qe3 Kf8 18. Bc3 Re8 19. Qd2 b5 20. b3 b4 21. Ba1
a5 22. Rxe8+ Rxe8 23. Re1 Ra8 24. Qc1 a4 25. Qc2 axb3 26. axb3 Bc8 27. Nd2 Bf5
28. Qc1 Bh6 29. Qd1 Rxa1 30. Qxa1 Bxd2 31. Re2 Bc3 32. Qa8+ Kg7 33. h3 Bd3 34.
Re8 Qf4 35. Rg8+ Kh6 36. Qf8+ Kg5 37. Qxc5 Bd4 38. Qb5 Qxf2+ 39. Kh2 0-1

[Event "V Memorial Alvise Zichichi"]
[Site "Ladispoli ITA"]
[Date "2008.05.01"]
[Round "1"]
[White "Dragojlovic, Andjelko"]
[Black "Taloni, Silvio"]
[Result "1-0"]
[WhiteElo "2409"]
[BlackElo "1781"]
[PlyCount "49"]
[EventDate "2008.05.01"]

1. e4 d6 2. Nc3 g6 3. d4 Bg7 4. Nf3 Nd7 5. Bc4 e6 6. O-O a6 7. Ne2 Ne7 8. Bb3
b6 9. c3 Bb7 10. Ng3 h6 11. Re1 c5 12. Bf4 Nf6 13. dxc5 dxc5 14. Qxd8+ Kxd8 15.
a4 g5 16. Rad1+ Kc8 17. Bd6 Nc6 18. Ne5 Nxe5 19. Bxe5 Rd8 20. f3 Ne8 21. f4
Bxe5 22. fxe5 Rd7 23. Rf1 Re7 24. Rxf7 Rxf7 25. Bxe6+ 1-0

[Event "V Memorial Alvise Zichichi"]
[Site "Ladispoli ITA"]
[Date "2008.05.01"]
[Round "1"]
[White "Lattanzi, Domenico"]
[Black "Quimi, Marco"]
[Result "0-1"]
[WhiteElo "1740"]
[BlackElo "2253"]
[PlyCount "50"]
[EventDate "2008.05.01"]

1. e4 c5 2. Nf3 Nc6 3. d4 cxd4 4. Nxd4 Nf6 5. f3 g6 6. c4 Bg7 7. Be3 O-O 8. Nc3
Qb6 9. Qd2 Nxe4 10. Nxe4 Bxd4 11. Bxd4 Qxd4 12. Qxd4 Nxd4 13. O-O-O Ne6 14. h4
b6 15. h5 d6 16. hxg6 hxg6 17. g4 Kg7 18. Rd2 Bb7 19. Rdh2 Rh8 20. Bh3 Rac8 21.
b3 b5 22. g5 bxc4 23. Bxe6 Rxh2 24. Rxh2 fxe6 25. bxc4 Rxc4+ 0-1

[Event "V Memorial Alvise Zichichi"]
[Site "Ladispoli ITA"]
[Date "2008.05.01"]
[Round "1"]
[White "Leonetti, Pietro"]
[Black "Proia, Gaetano"]
[Result "1/2-1/2"]
[WhiteElo "1575"]
[BlackElo "2026"]
[PlyCount "47"]
[EventDate "2008.05.01"]

1. e4 e5 2. Nf3 Nc6 3. Bb5 a6 4. Ba4 Nf6 5. O-O b5 6. Bb3 Be7 7. c3 O-O 8. Re1
d5 9. exd5 Nxd5 10. d3 Bf6 11. Nbd2 g6 12. Ne4 Bg7 13. Bg5 f6 14. c4 fxg5 15.
cxd5 Na5 16. Nfxg5 Nxb3 17. Qxb3 Kh8 18. Rac1 Bh6 19. h4 Bf5 20. Qc3 Qxd5 21.
Qxc7 Bg7 22. Rc5 Qd4 23. Qb7 Rab8 24. Qd5 1/2-1/2

[Event "V Memorial Alvise Zichichi"]
[Site "Ladispoli ITA"]
[Date "2008.05.01"]
[Round "1"]
[White "Maggi, Fabrizio"]
[Black "Bruno, Antonino"]
[Result "1-0"]
[WhiteElo "2003"]
[BlackElo "1551"]
[PlyCount "55"]
[EventDate "2008.05.01"]

1. c4 c5 2. Nf3 g6 3. e4 Bg7 4. d4 cxd4 5. Nxd4 Nc6 6. Be3 e6 7. Nc3 a6 8. Be2
Nge7 9. O-O O-O 10. Qd2 Re8 11. f4 d6 12. Bf3 Nxd4 13. Bxd4 e5 14. Be3 exf4 15.
Bxf4 Qb6+ 16. Be3 Qc7 17. Rac1 Be6 18. Rfd1 Rad8 19. b3 Nc8 20. Kh1 Rd7 21. a4
b6 22. Nd5 Bxd5 23. cxd5 Qd8 24. Rc6 Rb7 25. Qb4 a5 26. Qb5 Ree7 27. Qa6 Ra7
28. Rxc8 1-0

[Event "V Memorial Alvise Zichichi"]
[Site "Ladispoli ITA"]
[Date "2008.05.01"]
[Round "1"]
[White "Mari, Tommaso"]
[Black "Leonardo, Corrado"]
[Result "0-1"]
[WhiteElo "1828"]
[BlackElo "1404"]
[PlyCount "84"]
[EventDate "2008.05.01"]

1. e4 e5 2. Nf3 Nc6 3. Bc4 h6 4. O-O Nf6 5. c3 Bc5 6. d4 exd4 7. Nxd4 Nxe4 8.
Re1 d5 9. Bb5 O-O 10. b4 Bb6 11. a4 a6 12. Bxc6 bxc6 13. Nd2 Nxc3 14. Qc2 Bxd4
15. Bb2 Qf6 16. Nf3 Bf5 17. Qb3 c5 18. Rac1 Be4 19. Bxc3 Bxf3 20. Bxd4 Qxd4 21.
Qxf3 cxb4 22. Red1 Qe4 23. Qxe4 dxe4 24. Rxc7 Rfd8 25. Re1 f5 26. Kf1 Rd2 27.
Rb1 a5 28. Rc5 g6 29. Rc6 Kg7 30. Rc7+ Kf6 31. Rc6+ Kg5 32. h4+ Kh5 33. Rb3
Rd1+ 34. Ke2 Rad8 35. Rc5 R1d3 36. Rxd3 Rxd3 37. g3 Ra3 38. Rxa5 b3 39. Rb5
Ra2+ 40. Kf1 b2 41. Kg2 e3 42. Kh3 g5 0-1

[Event "V Memorial Alvise Zichichi"]
[Site "Ladispoli ITA"]
[Date "2008.05.01"]
[Round "1"]
[White "Masciolini, Giovanni"]
[Black "Palermo, Stefano"]
[Result "0-1"]
[WhiteElo "1685"]
[BlackElo "2079"]
[PlyCount "20"]
[EventDate "2008.05.01"]

1. c4 e5 2. Nc3 Nf6 3. g3 d5 4. cxd5 Nxd5 5. Bg2 Be6 6. Nf3 Nc6 7. d3 Be7 8.
O-O O-O 9. a3 f5 10. b4 Nxc3 0-1

[Event "V Memorial Alvise Zichichi"]
[Site "Ladispoli ITA"]
[Date "2008.05.01"]
[Round "1"]
[White "Melega, Michele"]
[Black "Maggi, Luigi"]
[Result "0-1"]
[WhiteElo "1428"]
[BlackElo "1874"]
[PlyCount "70"]
[EventDate "2008.05.01"]

1. e4 e6 2. d4 d5 3. Nc3 Bb4 4. e5 c5 5. Nf3 Ne7 6. Bg5 Nbc6 7. Be2 cxd4 8.
Nxd4 Nxe5 9. O-O O-O 10. f4 N5c6 11. Kh1 f6 12. Bh4 Bc5 13. Nxc6 bxc6 14. Qd3
Nf5 15. Bf2 Bd6 16. Be1 e5 17. fxe5 fxe5 18. Bg4 e4 19. Qh3 Nd4 20. Bh4 Be7 21.
Rxf8+ Qxf8 22. Bxe7 Bxg4 23. Bxf8 Bxh3 24. Bc5 Ne6 25. Bf2 Bf5 26. h3 a6 27.
Rd1 Rd8 28. Ne2 c5 29. g4 Bg6 30. h4 h5 31. g5 d4 32. c3 e3 33. Bg3 d3 34. Nf4
Nxf4 35. Bxf4 e2 0-1

[Event "V Memorial Alvise Zichichi"]
[Site "Ladispoli ITA"]
[Date "2008.05.01"]
[Round "1"]
[White "Migliozzi, Giuseppe"]
[Black "Mecali, Antonello"]
[Result "0-1"]
[WhiteElo "1407"]
[BlackElo "1858"]
[PlyCount "78"]
[EventDate "2008.05.01"]

1. Nf3 c5 2. c4 Nc6 3. b3 Nf6 4. Bb2 g6 5. Nc3 Bg7 6. g3 O-O 7. Bg2 d6 8. O-O
a6 9. Re1 Rb8 10. Nd5 e6 11. Nxf6+ Bxf6 12. Bxf6 Qxf6 13. e3 b5 14. cxb5 axb5
15. d4 cxd4 16. Nxd4 Nxd4 17. exd4 d5 18. Rc1 Bb7 19. Rc5 b4 20. Bf1 Ba8 21.
Bb5 Rfc8 22. Rxc8+ Rxc8 23. Qd2 Rc3 24. Ba4 Qf3 25. Bb5 Kg7 26. Be2 Qe4 27. Bd1
Rd3 28. Qe2 Qxd4 29. h4 Rd2 30. Qf1 Rxa2 31. h5 Bb7 32. g4 Ba6 33. Qg2 Qd2 34.
Rxe6 Qxd1+ 35. Kh2 fxe6 36. Qg3 Qd4 37. h6+ Kf6 38. g5+ Kf5 39. Qf3+ Qf4+ 0-1

[Event "V Memorial Alvise Zichichi"]
[Site "Ladispoli ITA"]
[Date "2008.05.01"]
[Round "1"]
[White "Parrini, Daniele"]
[Black "Mariani, Francesca"]
[Result "1-0"]
[WhiteElo "2054"]
[BlackElo "1266"]
[PlyCount "61"]
[EventDate "2008.05.01"]

1. d4 Nf6 2. c4 g6 3. Nc3 Bg7 4. e4 d6 5. Nf3 O-O 6. Be2 Nbd7 7. Bg5 e5 8. d5
a5 9. Rb1 Qe8 10. Qc2 Nc5 11. b3 h6 12. Bh4 Nh7 13. Nb5 Qd7 14. a3 f5 15. Nd2
f4 16. f3 g5 17. Bf2 Nf6 18. b4 axb4 19. axb4 Na6 20. c5 dxc5 21. bxc5 c6 22.
Nc3 cxd5 23. exd5 g4 24. Bc4 Kh8 25. Nde4 Rg8 26. Rb6 Qf7 27. Nd6 Qc7 28. Qg6
Rf8 29. Ncb5 Qe7 30. O-O Nc7 31. Nxc8 1-0

[Event "V Memorial Alvise Zichichi"]
[Site "Ladispoli ITA"]
[Date "2008.05.01"]
[Round "1"]
[White "Placchetta, Omero"]
[Black "Gasperoni, Claudio"]
[Result "0-1"]
[WhiteElo "1622"]
[BlackElo "1845"]
[PlyCount "116"]
[EventDate "2008.05.01"]

1. e4 e5 2. Nf3 Nc6 3. Bc4 Be7 4. c3 Nf6 5. d3 O-O 6. h3 d6 7. O-O a6 8. a4 Kh8
9. Ng5 Qe8 10. Na3 h6 11. Nf3 Ng8 12. d4 f5 13. Bxg8 Kxg8 14. dxe5 Qg6 15. exd6
Bxd6 16. Nh4 Qf6 17. Qd5+ Be6 18. Qd1 Qxh4 19. exf5 Bxf5 20. Qd5+ Kh8 21. Nc4
Be4 22. Qe6 Rae8 23. Qg4 Qxg4 24. hxg4 Bc5 25. Be3 Bxe3 26. Nxe3 Ne5 27. f4 Nd3
28. Nf5 Nxb2 29. Nh4 g5 30. fxg5 Rxf1+ 31. Rxf1 hxg5 32. Nf5 Nxa4 33. Ng3 Bd3
34. Rf3 Nc5 35. Nh5 Be2 36. Rf5 Ne6 37. Re5 Ng7 38. Rxg5 Nxh5 39. Rxh5+ Kg7 40.
Kf2 Kg6 41. Rc5 c6 42. g5 Bg4 43. Kg3 Bf5 44. Kf4 Re4+ 45. Kf3 Kxg5 46. g3 Kf6
47. Ra5 Rc4 48. Ra3 c5 49. Rb3 b5 50. Ra3 Ra4 51. Rb3 c4 52. Rb2 Ra3 53. Rd2
Rxc3+ 54. Kf4 Rd3 55. Ra2 Rd4+ 56. Kf3 b4 57. Rxa6+ Kg5 58. Ra5 c3 0-1